Staten Island Railway Stations - Statistics

General Stats
  • This quiz has been taken 109 times
  • The average score is 17 of 21
Answer Stats
Answer % Correct
St George
100%
Tottenville
96%
Tompkinsville
89%
Eltingville
85%
Great Kills
85%
New Dorp
85%
Arthur Kill
81%
Clifton
78%
Grasmere
78%
Huguenot
78%
Old Town
78%
Pleasant Plains
78%
Princes Bay
78%
Stapleton
78%
Annadale
74%
Dongan Hills
74%
Grant City
70%
Jefferson Avenue
70%
Bay Terrace
67%
Richmond Valley
67%
Oakwood Heights
63%
No matching quizzes found
Score Distribution
Percent of People with Each Score
Percentile by Number Answered
Your Score History
You have not taken this quiz